000 00603nam a2200217Ia 4500
005 20250923145133.0
008 008 250917s9999 xx 000 0 eng d
037 _aTextual
040 _aDSWL
_beng
_cDSWL
041 _aeng
_2eng
084 _aS8:6x1,N6, N68
_qDSWL
100 _aCart Wright, D.
_9832142
245 0 _aGroup Dynamics
_cby D. Cart Wright
260 _aLondon
_bWistock Publications
_c1968
300 _axiii,608p.
365 _aINR
_b36
700 _aA. Zander
_9832143
925 _g36
942 _cTEXL
_hS8:6x1,N6, N68
999 _c1447611
_d1447611